[Event "IECG QN.2005.0.00368"]
[Site "IECG email"]
[Date "2005.08.14"]
[Round "?"]
[White "Kelbl, Jiri"]
[Black "Van Ettinger, Terrence"]
[Result "1-0"]
[WhiteElo "845"]
[BlackElo "800"]
[PlyCount "49"]
[EventDate "2005.08.14"]
[EventType "tourn (corr)"]
[EventRounds "6"]
[SourceTitle "Corr 2008"]
[Source "ChessBase"]
[SourceDate "2008.06.24"]
[SourceVersion "1"]
[SourceVersionDate "2008.06.24"]
[SourceQuality "1"]

1. e4 e5 2. Nf3 Nc6 3. Bb5 d6 4. d4 a6 5. Bxc6+ bxc6 6. dxe5 dxe5 7. Qxd8+ Kxd8 8. Nxe5 f6 9. Nf3 Bg4 10. Nc3 Bb4 11. Bd2 Ne7 12. 0-0-0 Bxf3 13. gxf3 Rb8 14. Rhg1 Re8 15. Rxg7 Ng6 16. Bf4+ Bd6 17. Bxd6 cxd6 18. Rxd6+ Kc8 19. Rxc6+ Kd8 20. Rxh7 Ne5 21. Rxf6 Nd7 22. Rd6 Kc7 23. Rdxd7+ Kc8 24. Rc7+ Kd8 25. Rhd7# 1-0